[Event "Decin Treybal op"]
[Site "Decin"]
[Date "2006.03.20"]
[Round "9"]
[White "Varta, Jiri"]
[Black "Fort, Ales"]
[Result "1-0"]
[WhiteElo "1772"]
[BlackElo "1685"]
[PlyCount "61"]
[EventDate "2006.01.23"]
[EventType "swiss"]
[EventRounds "9"]
[EventCountry "CZE"]
[SourceTitle "EXT 2008"]
[Source "ChessBase"]
[SourceDate "2007.11.25"]
[SourceVersion "1"]
[SourceVersionDate "2007.11.25"]
[SourceQuality "1"]

1. e4 e5 2. Nf3 Nc6 3. Bc4 d6 4. Nc3 Bg4 5. Bb5 Qd7 6. d3 Nf6 7. h3 Bh5 8. Bg5 Be7 9. Bxf6 Bxf6 10. g4 Bg6 11. Qd2 a6 12. Ba4 0-0 13. Nd5 Bd8 14. c3 b5 15. Bc2 Ne7 16. Ne3 h6 17. h4 Bh7 18. h5 c5 19. a3 Bb6 20. g5 hxg5 21. Nxg5 Rac8 22. Qe2 d5 23. Nxh7 Kxh7 24. 0-0-0 d4 25. Ng4 dxc3 26. h6 cxb2+ 27. Kb1 Qd6 28. hxg7+ Kxg7 29. Rdg1 Ng6 30. Ne3 c4 31. Nf5+ 1-0

[Event "Decin Treybal op"]
[Site "Decin"]
[Date "2006.03.06"]
[Round "7"]
[White "Pekar, Frantisek"]
[Black "Fort, Ales"]
[Result "1-0"]
[WhiteElo "1893"]
[BlackElo "1685"]
[PlyCount "79"]
[EventDate "2006.01.23"]
[EventType "swiss"]
[EventRounds "9"]
[EventCountry "CZE"]
[SourceTitle "EXT 2008"]
[Source "ChessBase"]
[SourceDate "2007.11.25"]
[SourceVersion "1"]
[SourceVersionDate "2007.11.25"]
[SourceQuality "1"]

1. c4 Nf6 2. Nc3 g6 3. d4 Bg7 4. e4 d6 5. Nge2 0-0 6. h3 Nc6 7. g4 e5 8. d5 Ne7 9. Be3 Bd7 10. Ng3 Kh8 11. Qd2 Nfg8 12. Bd3 a6 13. f3 Qe8 14. h4 h6 15. g5 h5 16. Nd1 b5 17. Nf2 bxc4 18. Bxc4 f5 19. exf5 Nxf5 20. Nge4 Nxe3 21. Qxe3 Rf4 22. Nd3 Rf7 23. Rc1 Bb5 24. Bxb5 Qxb5 25. Nc3 Qa5 26. 0-0 Raf8 27. b4 Qa3 28. Rc2 Ne7 29. Qe4 Nf5 30. Ne2 Kh7 31. Rd2 Nd4 32. Nxd4 exd4 33. f4 Qc3 34. Rdf2 Qc4 35. f5 gxf5 36. Rxf5 Rxf5 37. Rxf5 Rxf5 38. Qxf5+ Kg8 39. g6 Qb5 40. Qe6+ 1-0